Sudden Death - Nachbarländer Kasachstans - Statistiken

Allgemein
  • Dieses Quiz wurde 93 mal gespielt
  • Das Durchschnittsergebnis liegt bei 3 aus 6
Answers on the Grid
Answers color-coded by a green-red scale on the quiz's grid according to % correct below.
Kasachstan🇰🇿
China🇨🇳
Russland🇷🇺
Kirgisistan🇰🇬
Usbekistan🇺🇿
Turkmenistan🇹🇲
Tadschikistan🇹🇯
Mongolei🇲🇳
Georgien🇬🇪
Armenien🇦🇲
Aserbaidschan🇦🇿
Ukraine🇺🇦
Belarus🇧🇾
Afghanistan🇦🇫
Pakistan🇵🇰
Indien🇮🇳
Nepal🇳🇵
Iran🇮🇷
Türkei🇹🇷
Irak🇮🇶
 
Antwortstatistiken
Antwort % Korrekt
Russland🇷🇺
82%
Usbekistan🇺🇿
59%
Kirgisistan🇰🇬
51%
China🇨🇳
47%
Kasachstan🇰🇿
45%
Turkmenistan🇹🇲
39%
Keine übereinstimmenden Quizze gefunden
Verteilung der Resultate
Anzahl Personen mit jedem Resultat
Perzentil nach korrekt beantworteten Fragen
Ihre Resultats-Entwicklung
Sie haben dieses Quiz noch nicht gespielt